China and foreign aid (Record no. 586557)

000 -LEADER
fixed length control field 00348nam a22001337a 4500
020 ## - INTERNATIONAL STANDARD BOOK NUMBER
International Standard Book Number 9787530220184
082 ## - DEWEY DECIMAL CLASSIFICATION NUMBER
Classification number 338.9151
100 ## - MAIN ENTRY--PERSONAL NAME
Personal name Wang, Luo,
245 ## - TITLE STATEMENT
Title China and foreign aid
Statement of responsibility, etc. Wang, Luo,
260 ## - PUBLICATION, DISTRIBUTION, ETC.
Place of publication, distribution, etc. China
Name of publisher, distributor, etc. Intercontinental press
Date of publication, distribution, etc. 2019
300 ## - PHYSICAL DESCRIPTION
Extent 252p
942 ## - ADDED ENTRY ELEMENTS (KOHA)
Source of classification or shelving scheme
Koha item type Book
Holdings
Withdrawn status Lost status Source of classification or shelving scheme Materials specified (bound volume or other part) Damaged status Not for loan Permanent Location Current Location Shelving location Date acquired Full call number Barcode Date last seen Price effective from Koha item type
      Donated by Chinese embassy in Pakistan     Central Library (CL) Central Library (CL) Chinese Studies 10/15/2021 338.9151 WAN CL-D-1320 10/15/2021 10/15/2021 Book
      Donated by Chinese embassy in Pakistan     Central Library (CL) Central Library (CL) Chinese Studies 10/15/2021 338.9151 WAN CL-D-1321 10/15/2021 10/15/2021 Book
© 2023 Central Library, National University of Sciences and Technology. All Rights Reserved.